Normal view
MARC view
Entry Personal Name
001 - CONTROL NUMBER
- control field: 41340
003 - CONTROL NUMBER IDENTIFIER
- control field: dpl
005 - DATE AND TIME OF LATEST TRANSACTION
- control field: 20120209125524.0
008 - FIXED-LENGTH DATA ELEMENTS
- fixed length control field: 120209|||a|||||| | ||| d
040 ## - CATALOGING SOURCE
- Original cataloging agency: dpl
- Transcribing agency: dpl
100 ## - HEADING--PERSONAL NAME
- Personal name:
- Numeration: Haynes, Christopher T.
670 ## - SOURCE DATA FOUND
- Source citation: Work cat.: (dpl): Friedman, Daniel P. , Essentials of programming languages /, 1998
670 ## - SOURCE DATA FOUND
- Source citation: Work cat.: (dpl): Friedman, Daniel P. , Essentials of programming languages /, 1998
